Score 0/24 Timer 02:00
0 Plays Today
Movie Title Missing Word % Correct
Million ____ BabyDollar
97.8%
____ AlmightyBruce/Evan
95.2%
The Shawshank ____Redemption
93.9%
Along ____ a SpiderCame
93.5%
Lean on ____Me
93.4%
____ of the WorldsWar
90.1%
10 Items or ____Less
87.9%
The Dark ____Knight
83.8%
____ Miss DaisyDriving
82.1%
Robin Hood: ____ of ThievesPrince
79.8%
Batman ____Begins
71.9%
The ____ ListBucket
70.7%
Movie Title Missing Word % Correct
Gone ____ GoneBaby
70.5%
The ____ of All FearsSum
68.3%
Lucky ____ SlevinNumber
68%
Kiss the ____Girls
41.7%
Chain ____Reaction
40.6%
Deep ____Impact
38.9%
____ and SoberClean
34.8%
Nurse ____Betty
33.6%
The ____ of the VanitiesBonfire
33.4%
The ____ of One Power
21.9%
____ CrimesHigh
17.8%
Hard ____Rain
9.4%

Today's Daily Dose

Remove Ads.
Support Sporcle.
Get the best of Sporcle when you Go Orange. This ad-free experience offers more features, more stats, and more fun while also helping to support Sporcle. Thank you for becoming a member.

You're not logged in!

Compare scores with friends on all Sporcle quizzes.
OR
Log In

Show Comments

Extras

Top Quizzes Today


Score Distribution

Your Account Isn't Verified!

In order to create a playlist on Sporcle, you need to verify the email address you used during registration. Go to your Sporcle Settings to finish the process.

Report this User

Report this user for behavior that violates our Community Guidelines.

Details: